| 000 | 00795nam a22001817a 4500 | ||
|---|---|---|---|
| 005 | 20260312175709.0 | ||
| 010 | _aBACHN26 | ||
| 020 |
_a9789395247719 _c650.00 |
||
| 037 | _bस्टार पब्लिकेशन प्र.ली | ||
| 082 |
_21 _a954 |
||
| 100 |
_aनेहरु, जवाहर लाल _988448 |
||
| 245 |
_aहिंदुस्तान की कहानी/ _bजवाहर लाल नेहरु |
||
| 250 | _a1 | ||
| 260 |
_bस्टार पब्लिकेशन प्र.ली _c2025 _aदिल्ली |
||
| 300 |
_a648पृ. _c22सेमी(साजिल्द) |
||
| 500 | _aप्राथमिक एवं मुख्य परीक्षा पठयक्रम | ||
| 942 |
_2ddc _mनेहरु _cHN _h954 |
||
| 999 |
_c215526 _d215526 |
||